000 00771nam a22002537a 4500
003 LK-CoDNM
005 20241003102946.0
008 241003b |||||||| |||| 00| 0 eng d
040 _aLK-CoDNM
_dLK-CoDNM
_eLK-CoDNM
041 _aeng
080 _a104
_bNN46
100 _aHirananda Sastri, M.A.
245 _aMemories of the Archaeological survey of India
250 _aBhasa and the authorship of the thirteen Trivandrum plays
260 _aCalcutta
_bGovernment printer
_c1926
300 _b36p. ; 30 cm
500 _aNo.28
650 _aMemories of the Archaeological survey of India
650 _aBhasa and the authorship of the thirteen Trivandrum plays
650 _aHirananda Sastri, M.A.
650 _aNo.28
650 _a104 NN46
942 _cBK
999 _c217465
_d217465